Planety Karłowate i ich kandydaci / Dwarf Planets and their candidates - Statystyki

Ogólne statystyki
  • Ten quiz został rozwiązany 7 razy
    4 od ostatniego zresetowania
  • Średni wynik to 12 z 24
Statystyki odpowiedzi
Obrazkowy Odpowiedź % Poprawnych
(134340) Pluton
100%
(1) Ceres
100%
(10) Hygiea
67%
(120347) Salacia
67%
(136108) Haumea
67%
(136199) Eris
67%
(136472) Makemake
67%
(19521) Chaos
67%
(307261) Máni
67%
(90377) Sedna
67%
(90482) Orkus
67%
(145452) Ritona
33%
(148780) Altjira
33%
(174567) Varda
33%
(20000) Waruna
33%
(208996) Achlys
33%
(225088) Gonggong
33%
(28978) Iksjon
33%
(38628) Huya
33%
(50000) Quaoar
33%
(55565) Aya
33%
(58534) Logos-Zoe
33%
(79360) Sila-Nunam
33%
(90568) Goibniu
33%
Nie znaleziono quizów pasujących do podanych kryteriów
Rozkład punktacji
Procent ludzi z każdym wynikiem
Percentyl według liczby udzielonych odpowiedzi
Twoja historia wyników
Nie rozwiązałeś tego quizu od ostatniego zresetowania